000 00765nam a2200253Ia 4500
003 OSt
005 20220926021556.0
006 a|||||r|||| 00| 0
007 ta
008 220923b |||||||| |||| 00| 0 eng d
020 _a0
037 _cGeneral Book
040 _aRTL
_cRTL
_beng
041 _2eng
_aeng
082 _aX:75-77.1.N6, K5.2-2/UN
110 _aUnited Nations, Economic and Social Affairs (Deptt. of....)
245 0 _aPlanning for economic developemt. 2V.
260 _aNew York
_bUnited Nations
_c1965
490 _vV2.
650 _aPlanned Economy
700 _aUnited Nations, Economic and Social Affairs (Deptt. of....)
942 _hX:75-77.1.N6, K5.2-2/UN
_cGB
_2CC
999 _c637158
_d637158